MARC details
| 000 -CABECERA |
| campo de control de longitud fija |
00909nam a2200253 a 4500 |
| 005 - FECHA Y HORA DE LA ÚLTIMA TRANSACCIÓN |
| campo de control |
20250607063838.0 |
| 008 - ELEMENTOS DE LONGITUD FIJA--INFORMACIÓN GENERAL |
| campo de control de longitud fija |
991125s1993 mx 000 0 spa u |
| 020 ## - NÚMERO INTERNACIONAL NORMALIZADO PARA LIBROS |
| Número Internacional Estándar del Libro |
970080030X |
| 035 ## - NÚMERO DE CONTROL DEL SISTEMA |
| Número de control de sistema |
UPN01000047219 |
| 049 ## - COLECCIÓN |
| Colección |
F |
| 050 #4 - SIGNATURA TOPOGRÁFICA DE LA BIBLIOTECA DEL CONGRESO |
| Número de clasificación |
LB1028 |
| Número de documento/Ítem |
E6 no.6 |
| 111 2# - ASIENTO PRINCIPAL--NOMBRE DE REUNION |
| Nombre de congreso/reunión o jurisdicción como elemento de entrada |
Congreso Nacional de Investigación Educativa |
| Número del congreso/reunión o número de parte o sección |
(2o : |
| Fecha del congreso/reunión |
1993 : |
| Sede del congreso/Lugar de la reunión |
México) |
| 9 (RLIN) |
28997 |
| 245 10 - MENCIÓN DE TÍTULO |
| Título |
Procesos de enseñanza y prácticas escolares / |
| Mención de responsabilidad, etc. |
Mario Rueda ... [et al.]. |
| 260 ## - PUBLICACIÓN, DISTRIBUCIÓN, ETC. |
| Lugar de publicación, distribución, etc. |
México : |
| Nombre del editor, distribuidor, etc. |
SNTE, |
| Fecha de publicación, distribución, etc. |
1993. |
| 300 ## - DESCRIPCIÓN FÍSICA |
| Extensión |
43 p. |
| 440 #0 - MENCIÓN DE SERIE/ASIENTO SECUNDARIO--TÍTULO |
| Título |
Estados de conocimiento. |
| Nombre de parte o sección de la obra |
Cuaderno ; |
| Designación de volumen o secuencia |
6 |
| 520 ## - NOTA DE RESUMEN, ETC. |
| Sumario, etc. |
A la cabeza de la portada: La investigación educativa en los ochenta, perspectivas para los noventa |
| 650 #4 - ASIENTO SECUNDARIO DE MATERIA - TERMINO TEMATICO |
| Término de materia o nombre geográfico como elemento de entrada |
Educación |
| Subdivisión general |
Investigación |
| Subdivisión de forma |
Congresos |
| 9 (RLIN) |
14375 |
| 650 #4 - ASIENTO SECUNDARIO DE MATERIA - TERMINO TEMATICO |
| Término de materia o nombre geográfico como elemento de entrada |
Enseñanza |
| Subdivisión general |
Metodología |
| 9 (RLIN) |
7684 |
| 650 #4 - ASIENTO SECUNDARIO DE MATERIA - TERMINO TEMATICO |
| Término de materia o nombre geográfico como elemento de entrada |
Prácticas de la enseñanza |
| 9 (RLIN) |
2849 |
| 700 1# - ASIENTO SECUNDARIO--NOMBRE DE PERSONAL |
| Nombre de persona |
Rueda, Mario, |
| Término indicativo de función/relación |
coaut. |
| 905 ## - TIPO DE MATERIAL |
| Tipo de material |
Libro |